00282nam a2200097Ia 4500008004100000082001800041100001800059245003000077260006700107300001000174150201s2008 xx 000 0 und d a621.3192bSUB aSubramanyam,B aElectric circuit analysis bI.K. International Publishing House Pvt. Ltd.aNew Delhic2008 a736p.